000 02130nam a2200553 i 4500
001 52307
003 KOSZ 005
005 20201006105745.0
008 050829s2004 pl a f |000 0 pol
015 _aUWD 2005/15185
020 _a8389687038
035 _a991027372369705066
035 _a(PL-WaBN)b17423375-48omnis_nlop
035 _ab17423375
035 _a(OCoLC)749883321
035 _a(PL)b0000001742337
035 _a(EXLNZ-48OMNIS_NETWORK)9910280495505606
040 _aWA N
_cWA N
_dKOSZ 005/HR
046 _k2004
080 _a624.074.4/.5
080 _a624.04:531.2/.3
080 _a539.3/.6
080 _a519.61/.64
100 1 _aChróścielewski, Jacek
_eAutor
245 1 0 _aStatyka i dynamika powłok wielopłatowych :
_bnieliniowa teoria i metoda elementów skończonych /
_cJacek Chróścielewski, Jerzy Makowski, Wojciech Pietraszkiewicz ; Polska Akademia Nauk. Instytut Podstawowych Problemów Techniki.
260 _aWarszawa :
_bPolska Akademia Nauk. Instytut Podstawowych Problemów Techniki,
_c2004.
300 _a612 s. :
_brys., wykr. (w tym kolor.) ;
_c25 cm.
336 _aTekst
_btxt
_2rdacontent
337 _aBez urządzenia pośredniczącego
_bn
_2rdamedia
338 _aWolumin
_bnc
_2rdacarrier
380 _aKsiążki
380 _aPublikacje naukowe
388 _a2001-
490 1 _aBiblioteka Mechaniki Stosowanej. Seria A, Monografie
504 _aBibliogr. s. 577-612.
650 7 _aDynamika
_2DBN
650 7 _aMetoda elementów skończonych
_2DBN
650 7 _aNaprężenia i odkształcenia
_2DBN
650 7 _aPowłoki (budownictwo)
_2DBN
650 7 _aKonstrukcje budowlane
650 7 _aStatyka budowlana
_2DBN
658 _aArchitektura i budownictwo
700 1 _aMakowski, Jerzy
_c(fizyk)
_eAutor
700 1 _aPietraszkiewicz, Wojciech
_d(1939- )
_eAutor
830 0 _aBiblioteka Mechaniki Stosowanej.
_nSeria A,
_pMonografie
856 _uhttp://koha.tu.koszalin.pl/cgi-bin/koha/opac-detail.pl?biblionumber=52307
_yKatalog online BPK
942 _2UKD
_cKS
999 _c52307
_d52307